000 00258nam a2200109Ia 4500
008 220204s9999 xx 000 0 und d
082 _a82-3
_bFOR
100 _aForsyth, Frederick
245 0 _aDay of the Jackal
260 _aLondon
_bCorgi
_c1977
942 _cBK
999 _c28583
_d28583